[Event "Langley op"]
[Site "Langley CAN"]
[Date "2023.09.02"]
[Round "1.13"]
[White "Mok, Gillian"]
[Black "Landingin, Jofrel"]
[Result "1-0"]
[WhiteElo "1908"]
[BlackElo "1613"]
[PlyCount "115"]
[EventDate "2023.09.02"]
[EventType "swiss"]
[EventRounds "6"]
[EventCountry "CAN"]

1. e4 e5 2. Nf3 Nc6 3. Nc3 Nf6 4. Bb5 d6 5. d4 exd4 6. Nxd4 Bd7 7. O-O Be7 8.
Bxc6 bxc6 9. h3 O-O 10. f4 Qc8 11. Qf3 c5 12. Nde2 Bc6 13. Ng3 g6 14. f5 Nd7
15. Bh6 Ne5 16. Qf2 Re8 17. f6 Bf8 18. Bxf8 Rxf8 19. Qf4 Kh8 20. Qg5 Rg8 21.
Rf4 Nd7 22. Rh4 Nf8 23. Rf1 Rb8 24. Rff4 Qe6 25. Rfg4 Qe5 26. Nf5 d5 27. Rh6
dxe4 28. Ne7 Qxg5 29. Rxg5 Ba8 30. Nxg8 Kxg8 31. b3 Rb6 32. Re5 Rxf6 33. Nxe4
Rf4 34. Nxc5 Kg7 35. g3 Rd4 36. Rh4 Rd2 37. Rc4 Rg2+ 38. Kf1 Rxg3 39. h4 Rf3+
40. Ke1 Rh3 41. Kd2 Bg2 42. Re7 c6 43. Rxa7 Rf3 44. a4 Rf2+ 45. Kc3 Rf5 46. Kb2
Bd5 47. Rb4 h5 48. a5 g5 49. hxg5 Rxg5 50. a6 Bf3 51. Rc4 h4 52. Rf4 Bh5 53.
Ne4 Ra5 54. Rxh4 Be2 55. Rf4 Bh5 56. b4 Ra4 57. Nc5 Ng6 58. Rfxf7+ 1-0

[Event "Langley op"]
[Site "Langley CAN"]
[Date "2023.09.02"]
[Round "2.1"]
[White "He, Matthew"]
[Black "Nunez Asencio, Jorge"]
[Result "1/2-1/2"]
[WhiteElo "2079"]
[BlackElo "2338"]
[PlyCount "73"]
[EventDate "2023.09.02"]
[EventType "swiss"]
[EventRounds "6"]
[EventCountry "CAN"]

1. d4 d5 2. Nf3 Nf6 3. Bf4 c6 4. e3 Qb6 5. Qc1 Bf5 6. Nbd2 e6 7. Be2 c5 8. c4
Nc6 9. dxc5 Bxc5 10. O-O O-O 11. Nb3 Be7 12. Nbd4 Bg6 13. Nxc6 bxc6 14. Ne5
Rfc8 15. Rd1 Be4 16. f3 Bg6 17. g4 Ne8 18. Qd2 Bb4 19. Qc1 Be7 20. Qd2 Rd8 21.
Qc3 f6 22. Nxg6 hxg6 23. Rac1 e5 24. Bg3 Rab8 25. cxd5 Qxb2 26. Bc4 cxd5 27.
Bxd5+ Kf8 28. Qxb2 Rxb2 29. Bb3 Rxd1+ 30. Rxd1 Bc5 31. Bf2 Ke7 32. Rc1 Bb6 33.
Rc2 Rxc2 34. Bxc2 g5 35. Kf1 Kd6 36. Ke2 Kc5 37. f4 1/2-1/2

[Event "Langley op"]
[Site "Langley CAN"]
[Date "2023.09.02"]
[Round "2.2"]
[White "Doknjas, John"]
[Black "Fuentebella, Mayo"]
[Result "1-0"]
[WhiteElo "2293"]
[BlackElo "2174"]
[PlyCount "75"]
[EventDate "2023.09.02"]
[EventType "swiss"]
[EventRounds "6"]
[EventCountry "CAN"]

1. d4 f5 2. g3 Nf6 3. Bg2 e6 4. c4 d5 5. Nh3 c6 6. O-O Bd6 7. Bf4 O-O 8. Nd2 h6
9. Bxd6 Qxd6 10. Nf4 Nbd7 11. c5 Nxc5 12. dxc5 Qxc5 13. Nf3 Qb6 14. Rb1 Re8 15.
Ne5 c5 16. b4 Qd6 17. Nfg6 b6 18. f4 cxb4 19. Qd4 a5 20. Nc4 Qc5 21. Qxc5 bxc5
22. Nd6 Rd8 23. Nxc8 Raxc8 24. Ne7+ Kf7 25. Nxc8 Rxc8 26. a3 Rb8 27. axb4 axb4
28. Ra1 Ke7 29. Ra7+ Nd7 30. Kf2 Kd6 31. Ra6+ Nb6 32. Rb1 Rb7 33. e3 Kd7 34.
Bf1 Nc8 35. Ra5 Kc6 36. Ba6 Rc7 37. Bxc8 Rxc8 38. Rxc5+ 1-0

[Event "Langley op"]
[Site "Langley CAN"]
[Date "2023.09.02"]
[Round "2.3"]
[White "Mok, Erwin Jun-Han"]
[Black "Qu, Leo"]
[Result "0-1"]
[WhiteElo "2017"]
[BlackElo "2213"]
[PlyCount "60"]
[EventDate "2023.09.02"]
[EventType "swiss"]
[EventRounds "6"]
[EventCountry "CAN"]

1. d4 Nf6 2. c4 g6 3. f3 Bg7 4. e4 d6 5. Nc3 O-O 6. Be3 c5 7. d5 e6 8. Qd2 exd5
9. cxd5 a6 10. a4 Re8 11. Be2 Qc7 12. Qc2 b6 13. Rb1 Bd7 14. Qd2 Ra7 15. b4
cxb4 16. Rxb4 Nxe4 17. Nxe4 Rxe4 18. Rb3 Rxa4 19. Bxb6 Qb7 20. Kf2 Ra8 21. Qd1
Bb5 22. Be3 Nd7 23. Rb1 Ra3 24. Bxb5 axb5 25. Ne2 Ne5 26. Nc1 Re8 27. Rb3 Rxb3
28. Nxb3 Nc4 29. Re1 Nxe3 30. Rxe3 Qb6 0-1

[Event "Langley op"]
[Site "Langley CAN"]
[Date "2023.09.02"]
[Round "2.4"]
[White "Jiang, Kate"]
[Black "Roback, Joe"]
[Result "0-1"]
[WhiteElo "2211"]
[BlackElo "2065"]
[PlyCount "184"]
[EventDate "2023.09.02"]
[EventType "swiss"]
[EventRounds "6"]
[EventCountry "CAN"]

1. e4 c5 2. c3 Nf6 3. e5 Nd5 4. Nf3 e6 5. d4 cxd4 6. cxd4 d6 7. Bc4 Be7 8. O-O
Nc6 9. Qe2 O-O 10. Rd1 Nb6 11. Bb3 Bd7 12. Nc3 Rc8 13. Ne4 d5 14. Nc3 a6 15. a3
Nc4 16. g3 N6a5 17. Ba2 Qb6 18. b4 Nc6 19. Qd3 f5 20. Rb1 Na7 21. h4 h6 22. Kh2
Be8 23. Rg1 Bh5 24. Ne2 Rc6 25. Bb3 Rfc8 26. Rd1 R6c7 27. Nf4 Bg4 28. Kg2 Nxa3
29. Nxd5 exd5 30. Bxd5+ Kf8 31. Qxa3 Nb5 32. Qb3 Rc3 33. Qa2 Rc2 34. Qa5 Qa7
35. Bb2 b6 36. Qa1 Rd8 37. Bb3 Qb7 38. d5 Re2 39. Rd3 Bxb4 40. Bc1 Re4 41. Qa2
a5 42. Bb2 f4 43. Rc1 Bf5 44. Rc6 fxg3 45. fxg3 Bc5 46. Rxc5 bxc5 47. Rd2 Nd4
48. Bxd4 cxd4 49. Bc2 Qxd5 50. Qa3+ Ke8 51. Bxe4 Bxe4 52. Kf2 d3 53. Ne1 Qd4+
54. Kf1 Rd7 55. Rf2 Qb4 56. Qa2 Bd5 57. Qd2 Qe4 58. Ng2 a4 59. e6 Bxe6 60. Rf4
Qc6 61. Qb4 Qd6 62. Qxa4 d2 63. Ne3 Qd3+ 64. Kf2 Qxe3+ 65. Kxe3 d1=Q 66. Qa8+
Rd8 67. Qc6+ Qd7 68. Qxd7+ Rxd7 69. Re4 Re7 70. Kf4 Kf7 71. Ra4 Bd5 72. g4 Rc7
73. Ke5 Bb3 74. Ra3 Rc5+ 75. Kf4 Rc4+ 76. Kg3 Bd1 77. Ra7+ Kg6 78. g5 Rg4+ 79.
Kh3 hxg5 80. hxg5 Rxg5 81. Kh4 Rd5 82. Rb7 Rd4+ 83. Kg3 Kh6 84. Rb2 Rd3+ 85.
Kg2 g5 86. Rb4 Kh5 87. Kf2 g4 88. Kg2 Kh4 89. Rc4 Rd2+ 90. Kg1 Bf3 91. Rc3 Kg3
92. Rc1 Rh2 0-1

[Event "Langley op"]
[Site "Langley CAN"]
[Date "2023.09.02"]
[Round "2.5"]
[White "Salcedo, Daniel E"]
[Black "Zhu, Brandon"]
[Result "0-1"]
[WhiteElo "1926"]
[BlackElo "2197"]
[PlyCount "59"]
[EventDate "2023.09.02"]
[EventType "swiss"]
[EventRounds "6"]
[EventCountry "CAN"]

1. d4 g6 2. c4 Nf6 3. Nc3 d5 4. Nf3 Bg7 5. Qb3 dxc4 6. Qxc4 O-O 7. e4 a6 8. Qb3
b5 9. Be2 Bb7 10. e5 Nd5 11. Bg5 h6 12. Nxd5 hxg5 13. Ne3 Nc6 14. Rd1 e6 15.
O-O Qe7 16. Qc3 Nb4 17. a3 Nd5 18. Nxd5 Bxd5 19. Rc1 c6 20. Nd2 f6 21. Bf3 fxe5
22. dxe5 Rf5 23. Rfe1 Raf8 24. Re2 g4 25. Bxg4 Qg5 26. h3 Bxe5 27. Qc2 Rf4 28.
Rf1 Rxg4 29. hxg4 Bxg2 30. Re4 {Time.} 0-1

[Event "Langley op"]
[Site "Langley CAN"]
[Date "2023.09.02"]
[Round "2.6"]
[White "Liu, Zachary"]
[Black "Mok, Gillian"]
[Result "1-0"]
[WhiteElo "2186"]
[BlackElo "1908"]
[PlyCount "69"]
[EventDate "2023.09.02"]
[EventType "swiss"]
[EventRounds "6"]
[EventCountry "CAN"]

1. e4 e5 2. Nf3 Nc6 3. Nc3 Nf6 4. d4 exd4 5. Nxd4 Bb4 6. Nxc6 bxc6 7. Bd3 d5 8.
exd5 cxd5 9. O-O O-O 10. Bg5 c6 11. Qf3 Be7 12. h3 Be6 13. Ne2 Rb8 14. b3 h6
15. Bf4 Bd6 16. Rad1 Nh7 17. Qg3 Bxf4 18. Nxf4 Qg5 19. Nxe6 fxe6 20. Qd6 e5 21.
Bxh7+ Kxh7 22. Qxc6 d4 23. Rde1 Rbe8 24. Qb7 Re7 25. Qe4+ Kh8 26. f4 Qg3 27.
Rf3 Qh4 28. fxe5 Qxe1+ 29. Qxe1 Rfe8 30. Qe4 Kg8 31. Qd5+ Kh8 32. Qxd4 Rxe5 33.
Rf8+ Kh7 34. Rxe8 Rxe8 35. Qxa7 1-0

[Event "Langley op"]
[Site "Langley CAN"]
[Date "2023.09.02"]
[Round "2.7"]
[White "Xu, Joey"]
[Black "Gao, Justin"]
[Result "1/2-1/2"]
[WhiteElo "1683"]
[BlackElo "1826"]
[PlyCount "115"]
[EventDate "2023.09.02"]
[EventType "swiss"]
[EventRounds "6"]
[EventCountry "CAN"]

1. e4 c5 2. Nc3 a6 3. f4 b5 4. d3 Bb7 5. Nf3 e6 6. g3 Nc6 7. Bg2 d5 8. O-O Be7
9. Qe2 Nf6 10. f5 dxe4 11. Nxe4 Nxe4 12. Qxe4 exf5 13. Qxf5 O-O 14. Kh1 Nb4 15.
Rf2 g6 16. Qf4 Nd5 17. Qd2 Bf6 18. Qe1 Re8 19. Re2 Rxe2 20. Qxe2 Qd7 21. Qf2
Qd6 22. Ng5 Bxg5 23. Bxg5 Bc6 24. Re1 Re8 25. Rxe8+ Bxe8 26. Qe2 Bd7 27. Kg1
Be6 28. Bxd5 Qxd5 29. Bf6 Qf5 30. Qe5 Qxe5 31. Bxe5 Bxa2 32. c3 Bb1 33. d4 cxd4
34. Bxd4 Ba2 35. b4 f5 36. Kf2 Kf7 37. Ke3 g5 38. Be5 Ke6 39. Kd4 Bc4 40. Bc7
Kf6 41. Bd8+ Kg6 42. Ke5 Bd3 43. Be7 Kh5 44. h3 Bf1 45. Kxf5 Bxh3+ 46. Ke4 Bg2+
47. Ke3 Kg4 48. Kf2 Bd5 49. Bd6 h5 50. Bc7 Kf5 51. Bd8 g4 52. Bb6 Ke4 53. Bd8
Kd3 54. Bf6 Kc4 55. Be5 Bf3 56. Bf6 Kd5 57. Bg7 Kc4 58. Be5 1/2-1/2

[Event "Langley op"]
[Site "Langley CAN"]
[Date "2023.09.02"]
[Round "2.8"]
[White "Wang, Daniel Ruohan"]
[Black "Leong, Ryan"]
[Result "1/2-1/2"]
[WhiteElo "1764"]
[BlackElo "1939"]
[PlyCount "96"]
[EventDate "2023.09.02"]
[EventType "swiss"]
[EventRounds "6"]
[EventCountry "CAN"]

1. e4 a6 2. Nf3 c5 3. d4 cxd4 4. Nxd4 d6 5. Nc3 Nf6 6. Be3 e5 7. Nb3 Be6 8. f3
Be7 9. Qd2 Nbd7 10. g4 b5 11. g5 Nh5 12. Ne2 Rc8 13. Ng3 Nf4 14. h4 h6 15. Bxf4
exf4 16. Nh5 hxg5 17. hxg5 Rg8 18. Nd4 Ne5 19. O-O-O Bc4 20. Bh3 Rc5 21. b3 g6
22. Nf6+ Bxf6 23. gxf6 Qxf6 24. bxc4 Nxc4 25. Qd3 Qd8 26. Nb3 Rc6 27. Qd5 Qc7
28. Nd4 Rb6 29. Qa8+ Rb8 30. Qxa6 Rb6 31. Qa8+ Rb8 32. Qc6+ Qxc6 33. Nxc6 Rb6
34. Nb4 Kf8 35. Rd5 Ne3 36. Rd3 Nc4 37. Rd5 Ne3 38. Rd3 Nc4 39. Kb1 Kg7 40.
Rhd1 Ra8 41. Nd5 Rc6 42. Bd7 Rc5 43. Nb4 Ra7 44. Bg4 Ra4 45. Rb3 Na3+ 46. Kb2
Nc4+ 47. Kb1 Na3+ 48. Kb2 Nc4+ 1/2-1/2

[Event "Langley op"]
[Site "Langley CAN"]
[Date "2023.09.02"]
[Round "2.10"]
[White "Zou, Alex"]
[Black "Jarquin, Charlie"]
[Result "1-0"]
[WhiteElo "1821"]
[BlackElo "1718"]
[PlyCount "111"]
[EventDate "2023.09.02"]
[EventType "swiss"]
[EventRounds "6"]
[EventCountry "CAN"]

1. c4 Nf6 2. Nf3 e6 3. g3 b6 4. Bg2 Bb7 5. O-O Be7 6. Nc3 O-O 7. b3 d6 8. Bb2
Ne4 9. Qc2 Nxc3 10. Bxc3 d5 11. Rfd1 Nd7 12. Ne5 c5 13. cxd5 exd5 14. Qf5 Nf6
15. d4 Qc7 16. dxc5 bxc5 17. Rac1 Rad8 18. Ng4 Nxg4 19. Qxg4 g6 20. Qa4 Qb6 21.
Ba5 Qa6 22. Bxd8 Qxa4 23. bxa4 Rxd8 24. Rd2 f5 25. Rcd1 Kf7 26. Bxd5+ Bxd5 27.
Rxd5 Rc8 28. Rd7 c4 29. Rxa7 c3 30. Rdd7 c2 31. Rxe7+ Kf6 32. Rec7 c1=Q+ 33.
Rxc1 Rxc1+ 34. Kg2 Rc4 35. a5 Ra4 36. a6 Rxa2 37. Ra8 Kg7 38. a7 Kh6 39. h4 Kg7
40. Kf3 Ra4 41. Ke3 Ra3+ 42. Kd4 Ra4+ 43. Kc3 Ra3+ 44. Kb4 Ra1 45. Kb5 Rb1+ 46.
Kc6 Rc1+ 47. Kd5 Ra1 48. f3 Ra5+ 49. Ke6 Ra6+ 50. Ke5 Ra5+ 51. Kf4 Ra4+ 52. e4
fxe4 53. fxe4 Ra5 54. e5 Ra4+ 55. Ke3 Ra5 56. e6 1-0

[Event "Langley op"]
[Site "Langley CAN"]
[Date "2023.09.02"]
[Round "2.11"]
[White "Lu, Aiden Hao-Ting"]
[Black "Kerry, James"]
[Result "1-0"]
[WhiteElo "1721"]
[BlackElo "1817"]
[PlyCount "73"]
[EventDate "2023.09.02"]
[EventType "swiss"]
[EventRounds "6"]
[EventCountry "CAN"]

1. e4 c5 2. Nf3 d6 3. d4 cxd4 4. Nxd4 Nf6 5. Nc3 a6 6. Be2 e5 7. Nb3 Be7 8. Be3
Be6 9. Qd2 Ng4 10. Bxg4 Bxg4 11. f3 Be6 12. Nd5 Bxd5 13. Qxd5 Nc6 14. c3 O-O
15. O-O Qc7 16. Rad1 b5 17. Rc1 Rac8 18. Rfd1 Rfd8 19. Qd2 Qb7 20. c4 bxc4 21.
Rxc4 Na7 22. Rxc8 Nxc8 23. Qd3 Bf8 24. Rd2 d5 25. exd5 Nb6 26. Na5 Qc7 27. Rc2
Qd6 28. Nb7 Qxd5 29. Qxd5 Nxd5 30. Nxd8 Nxe3 31. Rc8 g6 32. Nc6 f6 33. Nb8 Kg7
34. Nxa6 Nf5 35. Nc5 Nd4 36. a4 h6 37. a5 1-0

[Event "Langley op"]
[Site "Langley CAN"]
[Date "2023.09.02"]
[Round "2.13"]
[White "Landingin, Jofrel"]
[Black "Wang, Kai"]
[Result "0-1"]
[WhiteElo "1613"]
[BlackElo "1777"]
[PlyCount "144"]
[EventDate "2023.09.02"]
[EventType "swiss"]
[EventRounds "6"]
[EventCountry "CAN"]

1. e4 c5 2. Nf3 d6 3. c3 Nf6 4. Bb5+ Bd7 5. Bxd7+ Qxd7 6. d3 g6 7. O-O Bg7 8.
h3 O-O 9. a4 Nc6 10. Be3 b6 11. Re1 d5 12. e5 Ne8 13. d4 c4 14. Qc1 Na5 15.
Nbd2 Nc7 16. Ra3 Rfc8 17. Qa1 Ne6 18. Nh2 Nd8 19. g4 f6 20. f4 fxe5 21. fxe5
Ne6 22. Qd1 Rf8 23. Ra1 Nf4 24. Bxf4 Rxf4 25. Qe2 Raf8 26. Rf1 Bh6 27. Nhf3 e6
28. Kg2 R4f7 29. g5 Bg7 30. h4 Rf4 31. Ng1 Rxf1 32. Rxf1 Qxa4 33. Rxf8+ Bxf8
34. Qg4 Qe8 35. Nh3 Nc6 36. Nf4 Nd8 37. h5 Qf7 38. Nf3 Qf5 39. Qh4 Be7 40. hxg6
hxg6 41. Kg3 Nf7 42. Qg4 Nxg5 43. Qxf5 gxf5 44. Nxg5 Bxg5 45. Nxe6 Bc1 46. Nc7
Bxb2 47. Nxd5 b5 48. Kf4 a5 49. Kxf5 Bxc3 50. Nf6+ Kf8 51. d5 Bb4 52. d6 c3 53.
Ke6 a4 54. Nd5 Ba5 55. Kd7 c2 56. e6 c1=Q 57. e7+ Kg7 58. e8=Q Qg5 59. Qe7+ Kh6
60. Qe6+ Kg7 61. Qe7+ Kh6 62. Qe6+ Qg6 63. Nf6 Qg7+ 64. Kc6 b4 65. Ne8+ Qg6 66.
Qe3+ Qg5 67. Qxg5+ Kxg5 68. Nc7 Kf6 69. Kb5 a3 70. Nd5+ Ke6 71. Kxa5 a2 72.
Nxb4 a1=Q+ 0-1

[Event "Langley op"]
[Site "Langley CAN"]
[Date "2023.09.03"]
[Round "3.1"]
[White "Zhu, Brandon"]
[Black "Doknjas, John"]
[Result "1/2-1/2"]
[WhiteElo "2197"]
[BlackElo "2293"]
[PlyCount "70"]
[EventDate "2023.09.02"]
[EventType "swiss"]
[EventRounds "6"]
[EventCountry "CAN"]

1. d4 d5 2. Nc3 Nf6 3. Bf4 e6 4. Nb5 Na6 5. e3 Be7 6. Nf3 O-O 7. h4 c6 8. Nc3
c5 9. h5 Nb8 10. h6 g6 11. Be2 Nc6 12. Bg5 cxd4 13. exd4 a6 14. Ne5 Qb6 15.
Nxc6 bxc6 16. Na4 Qd8 17. c3 a5 18. Nc5 Nd7 19. Bxe7 Qxe7 20. Nxd7 Bxd7 21. Qd2
f6 22. c4 Rfb8 23. O-O a4 24. Rfe1 Qd6 25. cxd5 cxd5 26. Rac1 Rb4 27. a3 Rb7
28. Rc2 Rab8 29. Bg4 Kf7 30. Qc1 Re8 31. g3 Rbb8 32. Re3 Rbc8 33. Rec3 Rxc3 34.
Rxc3 Re7 35. Kg2 Qb6 1/2-1/2

[Event "Langley op"]
[Site "Langley CAN"]
[Date "2023.09.03"]
[Round "3.2"]
[White "Qu, Leo"]
[Black "Liu, Zachary"]
[Result "1/2-1/2"]
[WhiteElo "2213"]
[BlackElo "2186"]
[PlyCount "85"]
[EventDate "2023.09.02"]
[EventType "swiss"]
[EventRounds "6"]
[EventCountry "CAN"]

1. d4 d5 2. Nc3 Nf6 3. Bf4 e6 4. Nb5 Na6 5. e3 Be7 6. Nf3 O-O 7. h4 c6 8. Nc3
c5 9. h5 Nb8 10. h6 g6 11. Be2 Nc6 12. O-O cxd4 13. exd4 a6 14. Ne5 Nd7 15.
Nxc6 bxc6 16. Na4 Bb7 17. b4 f5 18. Nc5 Nxc5 19. bxc5 g5 20. Rb1 Qd7 21. Be5
Bf6 22. Qd2 f4 23. Bd6 Be7 24. Be5 Bf6 25. Bd6 Be7 26. Qb4 Bxd6 27. Qxb7 Bc7
28. Bg4 Rad8 29. Rfe1 Rfe8 30. Rxe6 Rxe6 31. Bxe6+ Qxe6 32. Qxc7 Rd7 33. Qc8+
Kf7 34. Rb7 Rxb7 35. Qxb7+ Kg6 36. Qg7+ Kh5 37. Qxh7 Qe1+ 38. Kh2 Qxf2 39. Qg7
Qh4+ 40. Kg1 Qe1+ 41. Kh2 Qg3+ 42. Kg1 Qe1+ 43. Kh2 1/2-1/2

[Event "Langley op"]
[Site "Langley CAN"]
[Date "2023.09.03"]
[Round "3.3"]
[White "Roback, Joe"]
[Black "Nunez Asencio, Jorge"]
[Result "0-1"]
[WhiteElo "2065"]
[BlackElo "2338"]
[PlyCount "50"]
[EventDate "2023.09.02"]
[EventType "swiss"]
[EventRounds "6"]
[EventCountry "CAN"]

1. e4 e6 2. d4 d5 3. e5 Bd7 4. Nf3 a6 5. b3 c5 6. Ba3 Qb6 7. Be2 Nc6 8. c3 Nh6
9. Bb2 cxd4 10. cxd4 Bb4+ 11. Kf1 O-O 12. Nc3 f6 13. Na4 Qd8 14. exf6 Qxf6 15.
Rc1 Be8 16. h3 Nf5 17. a3 Bd6 18. Qd2 Nce7 19. Nc5 Rb8 20. Nd3 Ng6 21. g3 Bxg3
22. Qg5 Qf7 23. fxg3 h6 24. Qd2 Nxg3+ 25. Kf2 Ne4+ 0-1

[Event "Langley op"]
[Site "Langley CAN"]
[Date "2023.09.03"]
[Round "3.4"]
[White "Xu, Joey"]
[Black "He, Matthew"]
[Result "1/2-1/2"]
[WhiteElo "1683"]
[BlackElo "2079"]
[PlyCount "71"]
[EventDate "2023.09.02"]
[EventType "swiss"]
[EventRounds "6"]
[EventCountry "CAN"]

1. e4 c6 2. Nf3 d5 3. Nc3 Nf6 4. e5 Ne4 5. Ne2 Qb6 6. d4 f6 7. Ng3 Nxg3 8. hxg3
Bg4 9. Bd3 f5 10. c3 e6 11. Qc2 Bxf3 12. gxf3 Be7 13. g4 g6 14. Bh6 Rg8 15.
gxf5 gxf5 16. O-O-O Nd7 17. Bxf5 exf5 18. Qxf5 O-O-O 19. Qf7 Bf8 20. e6 Bxh6+
21. Rxh6 Nb8 22. e7 Rde8 23. Rxh7 Nd7 24. Rdh1 Ne5 25. dxe5 Qxf2 26. Rg7 Qe3+
27. Kb1 Qd3+ 28. Ka1 Rh8 29. Qe6+ Kc7 30. Qd6+ Kb6 31. Rhg1 Qxf3 32. Qb4+ Ka6
33. Qa4+ Kb6 34. Qb4+ Ka6 35. Qa3+ Kb6 36. Qb4+ 1/2-1/2

[Event "Langley op"]
[Site "Langley CAN"]
[Date "2023.09.03"]
[Round "3.5"]
[White "Wang, Kai"]
[Black "Jiang, Kate"]
[Result "1-0"]
[WhiteElo "1777"]
[BlackElo "2211"]
[PlyCount "94"]
[EventDate "2023.09.02"]
[EventType "swiss"]
[EventRounds "6"]
[EventCountry "CAN"]

1. e4 e5 2. Nf3 Nc6 3. Bc4 Nf6 4. d3 Bc5 5. c3 d6 6. O-O h6 7. a4 a6 8. Re1 O-O
9. h3 Re8 10. Nbd2 Be6 11. Bxe6 Rxe6 12. Nf1 d5 13. Qe2 Ba7 14. Ng3 Qd7 15. b4
d4 16. b5 Ne7 17. c4 Bc5 18. Bd2 Ng6 19. Nf5 Qe8 20. g4 Nh7 21. Kh2 Be7 22. h4
Qd8 23. g5 hxg5 24. hxg5 Bxg5 25. Nxg5 Nxg5 26. Kg2 Nf4+ 27. Bxf4 exf4 28. f3
Rg6 29. Kf1 axb5 30. cxb5 f6 31. Qa2+ Kf8 32. Qa3+ Kf7 33. Ke2 Ne6 34. Rg1 Rxg1
35. Rxg1 Qd7 36. Qb3 Rg8 37. a5 c6 38. a6 cxb5 39. a7 Qd8 40. Qxb5 Qc7 41. Qb3
Qc5 42. Nxg7 Rxg7 43. Rxg7+ Kxg7 44. a8=Q b5 45. Qb7+ Nc7 46. Kd2 Kh6 47. Qc8
Ne6 1-0

[Event "Langley op"]
[Site "Langley CAN"]
[Date "2023.09.03"]
[Round "3.6"]
[White "Fuentebella, Mayo"]
[Black "Zou, Alex"]
[Result "1-0"]
[WhiteElo "2174"]
[BlackElo "1821"]
[PlyCount "83"]
[EventDate "2023.09.02"]
[EventType "swiss"]
[EventRounds "6"]
[EventCountry "CAN"]

1. c4 e5 2. Nc3 Nf6 3. Nf3 Nc6 4. e4 d6 5. d4 Bg4 6. d5 Nd4 7. Be3 Nxf3+ 8.
gxf3 Bh5 9. Be2 Bg6 10. Qc2 Nh5 11. O-O-O Qd7 12. Kb1 a6 13. Bd3 Be7 14. Ne2
Rf8 15. Ng3 Nxg3 16. hxg3 f5 17. exf5 Bxf5 18. Bxf5 Qxf5 19. Qxf5 Rxf5 20. Rxh7
g5 21. Rh8+ Bf8 22. Rg8 O-O-O 23. Rxg5 Rxf3 24. Rh1 Rf6 25. Rgh5 Rf7 26. Kc2
Be7 27. Rh7 Rdf8 28. Kd3 Kd8 29. Rxf7 Rxf7 30. Ke4 c6 31. Rh5 Kd7 32. g4 b5 33.
b3 Bf8 34. g5 bxc4 35. bxc4 cxd5+ 36. cxd5 Ke8 37. Rh1 Rb7 38. g6 Bg7 39. Kf5
Rb2 40. Ke6 Rxa2 41. Rb1 Kd8 42. Rb8+ 1-0

[Event "Langley op"]
[Site "Langley CAN"]
[Date "2023.09.03"]
[Round "3.7"]
[White "Jiang, Zihao William"]
[Black "Mok, Erwin Jun-Han"]
[Result "0-1"]
[WhiteElo "1735"]
[BlackElo "2017"]
[PlyCount "66"]
[EventDate "2023.09.02"]
[EventType "swiss"]
[EventRounds "6"]
[EventCountry "CAN"]

1. e4 c5 2. Nf3 d6 3. Bb5+ Bd7 4. Bxd7+ Qxd7 5. O-O Nc6 6. Re1 Nf6 7. c3 g6 8.
d4 cxd4 9. cxd4 Bg7 10. Nc3 O-O 11. Be3 e6 12. h3 Na5 13. Qe2 Rfc8 14. Nd2 a6
15. Rac1 b5 16. Rc2 b4 17. Rec1 bxc3 18. bxc3 d5 19. e5 Ne8 20. f4 Nc4 21. Nxc4
Rxc4 22. g4 Nc7 23. Qd3 Nb5 24. Rf2 Rac8 25. Bd2 Nxd4 26. cxd4 Rxc1+ 27. Bxc1
Rxc1+ 28. Kg2 Qa4 29. f5 Qd1 30. Qe3 g5 31. Qxg5 Qh1+ 32. Kg3 Rc3+ 33. Kh4
Rxh3# 0-1

[Event "Langley op"]
[Site "Langley CAN"]
[Date "2023.09.03"]
[Round "3.8"]
[White "Lu, Aiden Hao-Ting"]
[Black "Salcedo, Daniel E"]
[Result "1/2-1/2"]
[WhiteElo "1721"]
[BlackElo "1926"]
[PlyCount "161"]
[EventDate "2023.09.02"]
[EventType "swiss"]
[EventRounds "6"]
[EventCountry "CAN"]

1. e4 c5 2. Nf3 d6 3. d4 cxd4 4. Nxd4 Nf6 5. Nc3 g6 6. Be2 Bg7 7. O-O O-O 8.
Be3 Nc6 9. Nb3 Bd7 10. Qd2 Re8 11. Rfd1 Rc8 12. f3 Qc7 13. Nb5 Qb8 14. c3 a6
15. N5d4 Ne5 16. Nc1 b5 17. Bd3 Qb7 18. Nce2 Rc7 19. Rac1 Nxd3 20. Qxd3 Rec8
21. Nc2 a5 22. Nf4 b4 23. cxb4 axb4 24. Ne1 Rxc1 25. Rxc1 Rxc1 26. Bxc1 Qa7+
27. Kf1 Qxa2 28. b3 Qa5 29. Kf2 Bh6 30. Bd2 e5 31. Nd5 Nxd5 32. Bxh6 Qc5+ 33.
Be3 Nxe3 34. Qxe3 Qxe3+ 35. Kxe3 Be6 36. Nd3 Bxb3 37. Nxb4 Kf8 38. f4 Ke7 39.
fxe5 dxe5 40. Nd3 Kd6 41. h4 h5 42. g3 Be6 43. Kf3 f6 44. Ke3 Kc6 45. Nb4+ Kb5
46. Nd3 Kc4 47. Nb2+ Kb3 48. Nd3 Kc4 49. Nb2+ Kb5 50. Nd3 Bg4 51. Nb2 Kc6 52.
Nd3 Kd6 53. Nb4 Be6 54. Nd3 Bc4 55. Nf2 Ke6 56. g4 hxg4 57. Nxg4 Bb5 58. Nf2
Bc6 59. Nh1 f5 60. exf5+ gxf5 61. Nf2 f4+ 62. Kd3 Kf5 63. h5 Bb5+ 64. Kd2 Kg5
65. h6 Kg6 66. Ng4 e4 67. h7 Kxh7 68. Nf6+ Kg6 69. Nxe4 Kh5 70. Ke1 Bc6 71. Nd2
Kg4 72. Kf2 Bd5 73. Nb1 Kf5 74. Nc3 Bc4 75. Na4 Bd3 76. Nc5 Be4 77. Nxe4 Kxe4
78. Ke2 f3+ 79. Kf2 Kf4 80. Kf1 Ke3 81. Ke1 1/2-1/2

[Event "Langley op"]
[Site "Langley CAN"]
[Date "2023.09.03"]
[Round "3.9"]
[White "Mok, Gillian"]
[Black "Chen, Zhengyu"]
[Result "1/2-1/2"]
[WhiteElo "1908"]
[BlackElo "1620"]
[PlyCount "145"]
[EventDate "2023.09.02"]
[EventType "swiss"]
[EventRounds "6"]
[EventCountry "CAN"]

1. e4 e5 2. Nf3 Nc6 3. Nc3 Nf6 4. Bb5 Nd4 5. Bc4 c6 6. h3 d6 7. O-O Be7 8. a3
O-O 9. d3 Be6 10. Nxd4 exd4 11. Bxe6 fxe6 12. Ne2 e5 13. Ng3 d5 14. Re1 dxe4
15. Nxe4 Nxe4 16. Rxe4 Qd5 17. Qh5 Bf6 18. Bg5 Qf7 19. Qxf7+ Rxf7 20. Bxf6 gxf6
21. f4 Re8 22. fxe5 fxe5 23. Rae1 Rfe7 24. g4 c5 25. Kf2 Kf7 26. h4 Kf6 27. g5+
Kg6 28. Kg3 h5 29. gxh6 Kxh6 30. R1e2 b5 31. Rf2 Re6 32. Rf7 R8e7 33. Rxe7 Rxe7
34. Kg4 Kg6 35. h5+ Kf6 36. Re2 c4 37. Rf2+ Kg7 38. Kg5 e4 39. dxe4 Re5+ 40.
Kf4 Rxh5 41. Rd2 Kf6 42. Rxd4 Rh2 43. Rd5 a6 44. Rd6+ Ke7 45. Rxa6 Rxc2 46. Ke5
Rxb2 47. Ra7+ Kd8 48. Kd4 b4 49. axb4 Rxb4 50. Kc3 Rb6 51. Kxc4 Ke8 52. Kd5 Rg6
53. Ke5 Rh6 54. Rb7 Ra6 55. Kf5 Ra5+ 56. Kf4 Ra6 57. Rc7 Kd8 58. Rf7 Ke8 59.
Rf5 Rg6 60. Re5+ Kf7 61. Rb5 Ra6 62. Rh5 Rf6+ 63. Rf5 Ke6 64. Kg5 Rxf5+ 65.
exf5+ Kf7 66. Kf4 Kf6 67. Ke4 Kf7 68. Ke5 Ke7 69. f6+ Kf7 70. Kf5 Kf8 71. Kg6
Kg8 72. f7+ Kf8 73. Kf6 1/2-1/2

[Event "Langley op"]
[Site "Langley CAN"]
[Date "2023.09.03"]
[Round "3.10"]
[White "Leong, Ryan"]
[Black "Gao, Justin"]
[Result "0-1"]
[WhiteElo "1939"]
[BlackElo "1826"]
[PlyCount "82"]
[EventDate "2023.09.02"]
[EventType "swiss"]
[EventRounds "6"]
[EventCountry "CAN"]

1. Nf3 c5 2. g3 Nc6 3. Bg2 Nf6 4. O-O d5 5. d4 e6 6. e3 Bd6 7. b3 O-O 8. Bb2 b6
9. Ne5 Ne7 10. c4 Ba6 11. Qc2 Rc8 12. dxc5 Bxe5 13. Bxe5 Nd7 14. Bb2 dxc4 15.
bxc4 Nxc5 16. Rd1 Qc7 17. Rd4 Rfd8 18. Rg4 Ng6 19. Na3 Qe7 20. h4 Nd3 21. h5
Nge5 22. Re4 Bb7 23. Rxe5 Bxg2 24. Kxg2 Nxe5 25. Bxe5 Qxa3 26. h6 f6 27. Bb2
Qd3 28. Qa4 Qd7 29. Qb4 Qd6 30. Qb3 Rc5 31. hxg7 Qc6+ 32. e4 Qxe4+ 33. Qf3
Qxf3+ 34. Kxf3 Kxg7 35. Re1 Rf5+ 36. Kg4 Rxf2 37. Bc3 e5 38. c5 bxc5 39. Rb1
Rd3 40. Rb7+ Kg6 41. Be1 Rh2 0-1

[Event "Langley op"]
[Site "Langley CAN"]
[Date "2023.09.03"]
[Round "3.11"]
[White "Kerry, James"]
[Black "Wang, Daniel Ruohan"]
[Result "1-0"]
[WhiteElo "1817"]
[BlackElo "1764"]
[PlyCount "29"]
[EventDate "2023.09.02"]
[EventType "swiss"]
[EventRounds "6"]
[EventCountry "CAN"]

1. e4 c5 2. Nc3 Nc6 3. f4 g6 4. Nf3 Bg7 5. Bc4 d6 6. d3 e6 7. f5 exf5 8. O-O
Nge7 9. Qe1 O-O 10. Qh4 Qe8 11. Bh6 Ne5 12. Ng5 Nxc4 13. Bxg7 Kxg7 14. Qxh7+
Kf6 15. e5+ 1-0